Medical devices and human engineering / (رقم التسجيلة. 77238)
[ عرض عادي ]
| 000 -الفاتح | |
|---|---|
| حقل البيانات ثابتة الطول | 01681cam a2200361 i 4500 |
| 001 - رقم الضبط | |
| رقم الضبط | 18296369 |
| 003 - محدد رقم الضبط | |
| رقم الضبط | OSt |
| 005 - وقت وتاريخ اخر تعامل مع التسجيلة | |
| رقم الضبط | 20190821152605.0 |
| 008 - عناصر البيانات ثابتة الطول - معلومات عامة | |
| حقل البيانات ثابتة الطول | 140908s2015 flua b 001 0 eng |
| 010 ## - رقم ضبط مكتبة الكونجرس | |
| رقم ضبط مكتبة الكونجرس | 2014035624 |
| 020 ## - الرقم الدولى المعيارى للكتب | |
| الرقم الدولى المعيارى للكتاب | 9781439825259 (hardcover : acidfree paper) |
| 035 ## - رقم ضبط النظام | |
| رقم ضبط النظام | (DNLM)101640752 |
| 040 ## - مصدر الفهرسة | |
| وكالة الفهرسة الأصلية | DNLM/DLC |
| وكالة النسخ | DLC |
| قواعد الوصف | rda |
| وكالة التعديل | DLC |
| 042 ## - رمز التحقق | |
| رمز التحقق | pcc |
| 050 00 - رقم طلب مكتبة الكونجرس | |
| رقم التصنيف | R856 |
| رقم المادة | .M3732 2015 |
| 060 10 - رقم الطلب بالمكتبة الطبية الوطنية | |
| رقم التصنيف | QT 36 |
| 082 00 - رقم تصنيف ديوى العشرى | |
| رقم التصنيف | 610.28 |
| رقم الطبعة | 23 |
| رقم المادة | MED |
| 245 00 - بيان العنوان | |
| العنوان | Medical devices and human engineering / |
| بيان المسئوليه,etc | edited by Joseph D. Bronzino, Founder and President, Biomedical Engineering Alliance and Consortium (BEACON), Hartford, Connecticut, U.S.A., Donald R. Peterson, Professor of Engineering, Dean of the College of Science, Technology, Engineering, Mathematics, and Nursing, Texas A&M University--Texarkana, Texarkana, Texas, U.S.A. |
| 250 ## - بيان الطبعة | |
| بيان الطبعة | Fourth edition. |
| 264 #1 - النشر, التوزيع, ETC. (IMPRINT) | |
| مكان الناشر او الموزع | Boca Raton : |
| اسم الناشر او الموزع | CRC Press, Taylor & Francis Group, |
| تاريخ النشر أو التوزيع | [2015] |
| 300 ## - الوصف المادى | |
| التعداد | 1 volume (various pagings) : |
| تفاصيل ماديه اخرى للوعاء | illustrations ; |
| أبعاد الوعاء | 27 cm. + |
| المادة المصاحبة | 1 CD-ROM (4 3/4 in.) |
| 500 ## - تبصرة عامة | |
| تبصرة عامة | Preceded by The biomedical engineering handbook / edited by Joseph D. Bronzino. 3rd. 2006. |
| 504 ## - تبصرة ببليوجرافية | |
| تبصرة ببليوجرافية,الخ | Includes bibliographical references and index. |
| 650 12 - المدخل الاضافى بالموضوع-مصطلح موضوعى | |
| مصطلح موضوعي أو اسم جغرافي كعنصر مدخل | Biomedical Engineering |
| التقسيم الفرعي العام | instrumentation. |
| 9 (RLIN) | 74712 |
| 650 22 - المدخل الاضافى بالموضوع-مصطلح موضوعى | |
| مصطلح موضوعي أو اسم جغرافي كعنصر مدخل | Biosensing Techniques |
| التقسيم الفرعي العام | instrumentation. |
| 9 (RLIN) | 74713 |
| 650 22 - المدخل الاضافى بالموضوع-مصطلح موضوعى | |
| مصطلح موضوعي أو اسم جغرافي كعنصر مدخل | Electrical Equipment and Supplies. |
| 9 (RLIN) | 74714 |
| 650 22 - المدخل الاضافى بالموضوع-مصطلح موضوعى | |
| مصطلح موضوعي أو اسم جغرافي كعنصر مدخل | Human Engineering. |
| 9 (RLIN) | 74715 |
| 700 1# - المدخل الاضافى - اسم شخصى | |
| الإسم الشخصى | Bronzino, Joseph D., |
| التواريخ المصاحبة للاسم | 1937- , |
| الدور | editor. |
| 9 (RLIN) | 74716 |
| 700 1# - المدخل الاضافى - اسم شخصى | |
| الإسم الشخصى | Peterson, Donald R., |
| الدور | editor. |
| 9 (RLIN) | 74717 |
| 906 ## - عنصر بيانات محلى F, LDF (RLIN) | |
| a | 7 |
| b | cbc |
| c | orignew |
| d | 1 |
| e | ecip |
| f | 20 |
| g | y-gencatlg |
| 942 ## - عناصر المدخل الإضافي( كوها) | |
| مصدر التصنيف او مخطط الترفيف | Dewey Decimal Classification |
| Koha [default] item type | كتاب |
| حالة الفقد | نموذج السعر الفعال | حالة تلف | ليس للاعارة | رقم الطلب | تاريخ الاكتساب | الموقع الحالي | الباركود | الفرع الرئيسي | Date last seen | نوع المادة فى نظام كوها | مصدر التصنيف او خطة الترفيف | Total Checkouts |
|---|---|---|---|---|---|---|---|---|---|---|---|---|
| 2019-08-21 | 610.28 MED | 2019-08-21 | المكتبة المركزية بالمجمعة (CL) | 00157743 | المكتبة المركزية بالمجمعة (CL) | 2019-08-21 | كتاب | Dewey Decimal Classification | ||||
| 2019-08-21 | 610.28 MED | 2019-08-21 | المكتبة المركزية بالمجمعة (CL) | 00157744 | المكتبة المركزية بالمجمعة (CL) | 2019-08-21 | كتاب | Dewey Decimal Classification | ||||
| 2019-08-21 | 610.28 MED | 2019-08-21 | المكتبة المركزية بالمجمعة (CL) | 00157745 | المكتبة المركزية بالمجمعة (CL) | 2019-08-21 | كتاب | Dewey Decimal Classification | ||||
| 2019-08-21 | 610.28 MED | 2019-08-21 | مكتبة كلية العلوم الطبية التطبيقية بالمجمعة - طالبات (AMF) | 00157746 | مكتبة كلية العلوم الطبية التطبيقية بالمجمعة - طالبات (AMF) | 2019-08-21 | كتاب | Dewey Decimal Classification | ||||
| 2019-08-21 | 610.28 MED | 2019-08-21 | مكتبة كلية العلوم الطبية التطبيقية بالمجمعة - طالبات (AMF) | 00157747 | مكتبة كلية العلوم الطبية التطبيقية بالمجمعة - طالبات (AMF) | 2019-08-21 | كتاب | Dewey Decimal Classification |
